Драматичний перехід: соціал-демократія у Східній та Центральній Європі (Запис № 310617)

МАРК-запис
000 -Лідер
fixed length control field 00951nam a22002897a 4500
001 - Контрольний номер
control field 24347
003 - Ідентифікатор контрольного номера
control field UA-OsUOA
005 - Дата та час останнього входження (трансакції)
control field 20200109110342.0
007 - Фіксоване поле фізичного опису
fixed length control field ta
008 - Елементи даних фіксованої довжини – загальна інформація
fixed length control field 20040216b un ||||| |||| 00| 0 ukr d
020 ## - Міжнародний стандартний книжковий номер (ISBN)
Міжнародний стандартний книжковий номер (ISBN) (НП) 9667856011
040 ## - Джерело каталогізації
Агенція оригінальної каталогізації UA-OsUOA
Мова каталогізації ukr
Агенція, яка здійснювала перезапис UA-OsUOA
Агенція, яка здійснювала модифікацію UA-OsUOA
041 ## - Код мови
Код мови тексту/ звукової доріжки чи окремого заголовка (П) ukr
044 ## - Код країни видавця/ виробника
Код країни видавця/ виробника (П) UA
080 ## - Індекс Універсальної десяткової класифікації
Індекс Універсальної десяткової класифікації (УДК) (НП) 321.7(4)
090 ## - Локальний шифр розміщення
Класифікаційний індекс УДК 321.7(4)
Авторський знак (НП) Д21
100 ## - Основне введення – ім’я особи
Ім’я особи (НП) Даудерштадт М.
245 ## - Відомості про назву
Назва (НП) Драматичний перехід: соціал-демократія у Східній та Центральній Європі
260 ## - Публікація, розповсюдження і т.п. (Вихідні дані)
Місце публікації, розповсюдження і т.п. (П) К.
Ім’я/ наймення видавництва, розповсюджувача і т.п. (П) Основні цінності
Дата публікації, розповсюдження і т.п. (П) 2000
300 ## - Фізичний опис
Обсяг 232 с.
650 #7 - Додаткове предметне введення – тематичний термін
Тематичний термін чи географічна назва, як елемент введення (НП) 321 Форми політичних організацій. Держави як політичні влади
Джерело заголовка чи терміна UDC
700 ## - Додаткове введення – ім'я особи
Ім’я особи (НП) Геррітс А.
700 ## - Додаткове введення – ім'я особи
Ім’я особи (НП) Маркус Д.Д.
942 ## - Додаткові елементи входу (Коха)
Тип елемента Koha Книги
Source of classification or shelving scheme Universal Decimal Classification
955 ## - Код типу видання за змістом
Код типу видання за змістом (НП) Наукові видання
Фонди
Стан вилучень Стан втрат Джерело класифікації або схеми стелажів Стан уражень Не для кредиту Постійне місце розташування Поточне розміщення Дата придбання Вартість, звичайна ціна покупки Інвентарний номер Усього замовленно Повний номер виклику Штрих-код Дата останнього перегляду Ціна ефективна від Тип елемента Koha Код колекції Джерело придбання
    Universal Decimal Classification     АБ - Абонемент НБ АБ - Абонемент НБ 06/12/2013 18.00 144504   321.7(4) Д21 144504 14/12/2021 06/12/2013 Книги Колекція Жулинського М.Г. 63/2013
    Universal Decimal Classification     ЧЗ - Читальна зала ЧЗ - Читальна зала 16/02/2004 25.70 64934   321.7(4) Д21 64934 29/09/2021 16/02/2004 Книги    
    Universal Decimal Classification     ЧЗ - Читальна зала ЧЗ - Читальна зала 16/02/2004 23.25 64954   321.7(4) Д21 64954 29/09/2021 16/02/2004 Книги